LEADER 01690nam 2200385 450 001 9910172603703321 005 20171006080617.0 010 $a1-5044-0393-2 035 $a(CKB)3710000001362050 035 $a(WaSeSS)IndRDA00078421 035 $a(NjHacI)993710000001362050 035 $a(EXLCZ)993710000001362050 100 $a20171006d1962 || | 101 0 $aeng 135 $aur||||||||||| 181 $ctxt$2rdacontent 182 $cc$2rdamedia 183 $acr$2rdacarrier 200 00$aAIEE standard for semiconductor rectifier components 210 1$aNew York :$cIEEE,$d1962. 215 $a1 online resource (31 pages) 330 $aDefinitions given herein apply specifically to semiconductor components used for rectification or control of electric power, or both. For the purpose of this standard, a semiconductor rectifier component is a semiconductor rectifier cell, rectifier diode, or rectifier stack. Note that the name of the actual semiconductor material (selenium, silicon, etc.) may be substituted in place of the word "semiconductor" in the name of the components.Only those definitions likely to be needed by the user are included. 606 $aSemiconductor rectifiers$xStandards 606 $aElectric current rectifiers$xStandards 606 $aElectric current rectifiers 615 0$aSemiconductor rectifiers$xStandards. 615 0$aElectric current rectifiers$xStandards. 615 0$aElectric current rectifiers. 676 $a621.3815322 801 0$bWaSeSS 801 1$bWaSeSS 906 $aDOCUMENT 912 $a9910172603703321 996 $aAIEE standard for semiconductor rectifier components$92576726 997 $aUNINA LEADER 01043nas 22003733 450 001 9910160153503321 005 20220413003635.0 011 $a2326-2397 035 $a(OCoLC)61312912 035 $a(CKB)954925600681 035 $a(CONSER) 2013200088 035 $a(MiAaPQ)45321 035 $a(DE-599)ZDB2070093-3 035 $a(EXLCZ)99954925600681 100 $a20050822a19939999 uy a 101 0 $aeng 181 $ctxt$2rdacontent 182 $cc$2rdamedia 183 $acr$2rdacarrier 200 00$aCompost science & utilization 210 $aEmmaus, PA $cJG Press 300 $a"A BioCycle publication." 300 $aRefereed/Peer-reviewed 311 $a1065-657X 606 $aCompost$vPeriodicals 606 $aRefuse and refuse disposal$xBiodegradation$vPeriodicals 615 0$aCompost 615 0$aRefuse and refuse disposal$xBiodegradation 676 $a631.875 676 $a631.8/6 906 $aJOURNAL 912 $a9910160153503321 996 $aCompost science & utilization$92320159 997 $aUNINA